| Registos Bibliográficos associados ao registo de autoridade |
|
Etiqueta de registo: 00254nam 2200025 450 001 2284036 003 http://id.bnportugal.gov.pt/bib/catbnp/2284036 100 ## $a20260410d2024 k y0pory01030103ba 101 0# $aeng$dpor 102 ## $aPT 105 ## $aa m 000yy 106 ## $ar 200 1# $aPerformance assessment and resource allocation in fire departments$fSeyed Milad Komsionchi Eslamzadeh$gadviser António Carlos Bárbara Grilo 210 #9 $aLisboa$c[s.n.],$d2024 215 ## $aXXV, 212 p.$cil.$d30 cm 328 #1 $aTese dout. MSc in Management Information Systems, Universidade Nova de Lisboa, 2024 700 #1 $aEslamzadeh,$bSeyed Milad Komsionchi$31995295 702 #1 $aGrilo,$bAntónio Carlos Bárbara$4727$31408005 801 #0 $aPT$bBN$gRPC 966 ## $lBN$mFGMON$x1 971 ## $cabrito$d20260410
|
|
|